000 00430nam a2200181Ia 4500
001 18393
005 20260306171627.0
008 260306s9999||||xx |||||||||||||| ||und||
041 _aESP
082 _a658.4035
_bL45
100 _aLeón, Orfelio G.
_eAUT
245 0 _aTomar decisiones difíciles
260 _c2001
300 _axii, 305 páginas :
_c23 cm.
650 _aGEN
654 _aCAN
942 _cLIB
_dJUS
_fJUS
_2ddc
_n
999 _c18393
_d18393